Guió exposició : Escola Industrial Escola Industrial
Descripción Física:
[24] f. : fot. col. ; 30 cm
Otros Autores:
Escola Industrial de Barcelona
MARC
| LEADER | 00000nam a2200000Ia 4500 | ||
|---|---|---|---|
| 001 | 19507 | ||
| 008 | 160829s9999 xx 000 0 cat d | ||
| 080 | |a FU-7-21 | ||
| 245 | |a Guió exposició : |b Escola Industrial | ||
| 260 | |a [s.l. : |b s.n.], [200 - ?] | ||
| 300 | |a [24] f. : |b fot. col. ; |c 30 cm | ||
| 590 | |a S'ha utilitzat el fons fotogràfic de l'Arxiu General de la Diputació de Barcelona | ||
| 650 | |a Escola Industrial de Barcelona |x Exposicions |9 30267 | ||
| 700 | |a Escola Industrial de Barcelona | ||
| 901 | |a Arxiu | ||
| 942 | |n 1 | ||
| 952 | |0 0 |1 0 |4 0 |6 FU721 |7 1 |9 45355 |a Arxiu |b Arxiu |d 2016-12-01 |l 0 |o FU-7-21 |p 19507 |r 2016-12-01 00:00:00 |w 2016-12-01 |y ARXIU | ||
| 999 | |c 48429 |d 48429 | ||